LEADER 01594nam0 2200361 i 450 001 SUN0126733 005 20200217014803.729 010 $d0.00 017 70$2N$a978-3-030-29951-4 100 $a20200214d2019 |0engc50 ba 101 $aeng 102 $aCH 105 $a|||| ||||| 200 1 $a*Applied Wave Mathematics II$eSelected Topics in Solids, Fluids, and Mathematical Methods and Complexity$fArkadi Berezovski, Tarmo Soomere editors 205 $aCham : Springer, 2019 210 $axxxiii$d376 p.$cill. ; 24 cm 215 $aPubblicazione in formato elettronico 410 1$1001SUN0123755$12001 $a*Mathematics of Planet Earth$v6$1210 $aCham$cSpringer. 606 $a35-XX$xPartial differential equations [MSC 2020]$2MF$3SUNC019763 606 $a65-XX$xNumerical analysis [MSC 2020]$2MF$3SUNC019772 606 $a76-XX$xFluid mechanics [MSC 2020]$2MF$3SUNC019858 606 $a82-XX$xStatistical mechanics, structure of matter [MSC 2020]$2MF$3SUNC021931 606 $a74-XX$xMechanics of deformable solids [MSC 2020]$2MF$3SUNC022466 620 $aCH$dCham$3SUNL001889 702 1$aBerezovski$b, Arkadi$3SUNV098129 702 1$aSoomere$b, Tarmo$3SUNV098130 712 $aSpringer$3SUNV000178$4650 801 $aIT$bSOL$c20210503$gRICA 856 4 $uhttp://doi.org/10.1007/978-3-030-29951-4 912 $aSUN0126733 950 $aUFFICIO DI BIBLIOTECA DEL DIPARTIMENTO DI MATEMATICA E FISICA$d08CONS e-book 1514 $e08eMF1514 20200214 996 $aApplied Wave Mathematics II$91668162 997 $aUNICAMPANIA